Tu cuerpo / (Registro nro. 9376)

Detalles MARC
000 -LIDER
fixed length control field 00655nam a22002177a 4500
003 - IDENTIFICACDOR DE NÚMERO DE CONTROL
control field DO-SdBNP
005 - DATE AND TIME OF LATEST TRANSACTION
control field 20240722122647.0
008 - ELEMENTOS DE LONGITUD FIJA
fixed length control field 160328b1978 sp a 00| 0 spa d
020 ## - ISBN
International Standard Book Number 8472450910
040 ## - FUENTE DE CATALOGACIÓN
Agencia que crea de manera original el registro BPMSU
Idioma de catalogación spa
Agencia que realiza la transcripción BPMSU
082 #4 - NÚMERO DE CLASIFICACIÓN DECIMAL DE DEWEY
Classification number 611
Item number D525t 998
Edition number 22
100 1# - ASIENTO PRINCIPAL -- NOMBRE PERSONAL
Nombre personal Dexeus Madí, Santiago
245 10 - MENCIÓN DE TITULO
Título Tu cuerpo /
Mención de responsabilidad Santiago Dexeus Madí ; ilustraciones Nöelle Granger
260 ## - PUBLICACIÓN, DISTRIBUCIÓN, ETC. (PIE DE IMPRENTA)
Lugar de publicación, distribución, etc Barcelona :
Nombre del editor, distribuidor, etc. Editorial Kairós,
Fecha de publicación, distribución, etc 1978.
300 ## - DESCRIPCIÓN FÍSICA
Extensión 61 p. :
Otros detalles físicos il. ;
Dimensiones 28 cm
590 ## - NOTA LOCAL
Texto de la nota local Inventariado, 2024/VM
650 #4 - ENCABEZAMIENTO DE MATERIA--TEMÁTICO
Término temático o nombre geográfico como elemento de entrada Anatomía humana
700 1# - ASIENTO SECUNDARIO -- NOMBRE PERSONAL
Nombre personal Granger, Nöeller
Mención de responsabilidad ilustración
910 ## - VALIDACIÓN
Validación VMatreo V. Control de calidad. BPMSU
942 ## - ADDED ENTRY ELEMENTS (KOHA)
Source of classification or shelving scheme Dewey Decimal Classification
Koha item type Libros
Existencias
Withdrawn status Lost status Source of classification or shelving scheme Damaged status Not for loan Collection code Home library Current library Date acquired Source of acquisition Total Checkouts Full call number Barcode Date last seen Price effective from Koha item type Copy number
    Dewey Decimal Classification     Colección Infantil General Biblioteca Pública Metropolitana Salomé Ureña Biblioteca Pública Metropolitana Salomé Ureña 02/22/2018 FUNDI   BPMSU CGI 611 D525t 998 BPMSU18020247 02/22/2018 02/22/2018 Libros  
    Dewey Decimal Classification     Colección Infantil General Biblioteca Pública Metropolitana Salomé Ureña Biblioteca Pública Metropolitana Salomé Ureña 02/22/2018 FUNDI   BPMSU CGI 611 D525t 998 BPMSU24070091 07/22/2024 02/22/2018 Libros e.2